000 00301nam a2200133Ia 4500
008 240624s9999 xx 000 0 und d
041 _aeng
082 _a823 AUB
100 _aAUBYN EDWARD ST
245 _aSOME HOPE
260 _c2012
_aLondon
_bPicador
300 _a208p. ; 20cm.
365 _cRS
_b25
999 _c20006
_d20006